日本のスターバックスコーヒーの店舗名 - Statistics

General Stats
  • This quiz has been taken 40 times
    36 since last reset
  • The average score is 29 of 1985
Answer Stats
Hint Answer % Correct
#164 イオンモール川口前川店
17%
#580 昭島モリタウン店
17%
#1134 イオンモールつくば店
17%
#1615 ららぽーと新三郷店
17%
#426 イオンモール伊丹店
13%
#579 ららぽーと甲子園店
13%
#602 トナリエキュート つくば店
13%
#643 イオンモール水戸内原店
13%
#711 イオンモール大日店
13%
#719 ららぽーと横浜店
13%
#799 三芳パーキングエリア(下り線)店
13%
#870 イーアスつくば店
13%
#879 イオンモール下妻店
13%
#894 つくば駅店
13%
#947 ひたち野うしく店
13%
#951 羽生パーキングエリア(下り線)店
13%
#983 アリオ橋本店
13%
#1030 友部サービスエリア(上り線)店
13%
#1031 友部サービスエリア(下り線)店
13%
#1165 守谷サービスエリア(上り線)店
13%
#1237 イオンモール木更津店
13%
#1291 イオンモール茨木店
13%
#1293 ららぽーと海老名店
13%
#1307 守谷サービスエリア(下り線)店
13%
#1308 ルミネ新宿店
13%
#1367 博多の森店
13%
#1385 ららぽーと湘南平塚店
13%
#1416 イオンモール日吉津店
13%
#1429 都筑パーキングエリア(上り線)店
13%
#1515 ミーツ国分寺店
13%
#1523 談合坂サービスエリア(上り線)店
13%
#1578 道の駅グランテラス筑西店
13%
#1616 浦和パルコ店
13%
#1627 つくば学園の森店
13%
#1648 蓮田サービスエリア(上り線)店
13%
#4137 ららぽーと堺店
13%
#4206 ららぽーと門真店
13%
#1600 nonowa西国分寺店
13%
#1872 nonowa国立店
13%
#2206 TSUTAYA BOOKSTORE 常総インターチェンジ店
13%
#103 イオンモール成田店
8%
#173 高田馬場早稲田通り店
8%
#297 新大阪ニッセイビル店
8%
#345 福岡赤坂門店
8%
#402 大宮西口店
8%
#472 蛍池ルシオーレ店
8%
#481 西友楽市守谷店
8%
#555 アクタ西宮店
8%
#578 イオンモール堺北花田店
8%
#581 イオンモール北戸田店
8%
#588 イオンモール与野店
8%
#646 江坂オッツ店
8%
#656 アリオ亀有店
8%
#659 つくば店
8%
#663 モザイクモール港北店
8%
#668 イオンモール浦和美園店
8%
#714 福岡次郎丸店
8%
#722 ひたちなか店
8%
#737 天神地下街店
8%
#761 港北ノースポート・モール店
8%
#768 ララガーデン春日部店
8%
#800 上里サービスエリア(上り線)店
8%
#831 筑波大学中央図書館店
8%
#845 アリオ鳳店
8%
#847 つくば研究学園店
8%
#854 土浦店
8%
#872 ララガーデン川口店
8%
#904 箕面小野原店
8%
#923 ららぽーと磐田店
8%
#925 宮島サービスエリア(下り線)店
8%
#927 イオンモール土浦店
8%
#958 アリオ北砂店
8%
#964 アトレ吉祥寺店
8%
#1008 イオンモール倉敷店
8%
#1017 福岡春日店
8%
#1024 テラスモール湘南店
8%
#1026 越谷レイクタウン アウトレット店
8%
#1058 太宰府天満宮表参道店
8%
#1061 アトレ四谷店
8%
#1066 イオンモール船橋店
8%
#1067 豊中緑地公園店
8%
#1125 川西加茂店
8%
#1128 イオンモール春日部店
8%
#1137 龍ケ崎店
8%
#1216 ららぽーと和泉店
8%
#1227 水戸エクセル店
8%
#1235 調布パルコ店
8%
#1239 イオンモール多摩平の森店
8%
#1250 ルミネ立川店
8%
#1292 ららぽーと立川立飛店
8%
#1309 ダイエーいちかわコルトンプラザ店
8%
#1322 イオンモール四條畷店
8%
#1373 セブンパーク アリオ柏店
8%
#1380 イオンモール今治新都市店
8%
#1411 さいたま新都心店
8%
#1481 桶川下日出谷店
8%
#1490 アリオ川口店
8%
#1509 アトレ川崎 北側改札内店
8%
#1555 筑波大学附属病院店
8%
#1566 阪神甲子園駅前店
8%
#1571 イオンモール鶴見緑地店
8%
#1575 さいたま南与野店
8%
#1584 アピタテラス横浜綱島店
8%
#1712 イオンモール東久留米店
8%
#1812 アトレ信濃町店
8%
#1814 さんすて岡山店
8%
#1857 イオンタウン守谷店
8%
#1874 イオンモール上尾店
8%
#2016 蔦屋書店 港北ミナモ店
8%
#2153 日本医科大学 武蔵小杉病院店
8%
#2246 アトレ大船店
8%
#4012 イオンモール川口店
8%
#4038 イオンモール堺鉄砲町店
8%
#4052 宗像店
8%
#4079 石岡店
8%
#4166 ニューポートひたちなか店
8%
#4196 佐野サービスエリア(下り線)店
8%
#4259 ジ アウトレット湘南平塚店
8%
#4346 阪急豊中駅前店
8%
#4354 イオンモール津田沼店
8%
#4415 アリオ市原店
8%
#710 イオンモール高崎1階店
8%
#811 イオンモール日の出1階店
8%
#956 アトレ秋葉原1店
8%
#1036 モラージュ菖蒲1階店
8%
#1232 イオンモール京都桂川1階店
8%
#4016 イオンモール岡山1階店
8%
#4025 ラゾーナ川崎1階店
8%
#4160 モラージュ菖蒲122号バイパス店
8%
#891 新宿マルイ本館2階店
8%
#1805 イオンモール日の出2階店
8%
#2070 キュービックプラザ新横浜2階店
8%
#4018 イオンモール京都桂川2階店
8%
#12 新宿3丁目店
8%
#697 ラゾーナ川崎3階店
8%
#1717 阪急西宮ガーデンズ3階店
8%
#2013 キュービックプラザ新横浜3階店
8%
#4377 阪急西宮ガーデンズ4階店
8%
#1234 イオンモール岡山5階店
8%
#1331 水戸エクセル5階店
8%
#4347 水戸50号店
8%
#945 新宿マルイ本館8階店
8%
#4246 ららぽーとEXPOCITY 1階店
8%
#1323 ららぽーとEXPOCITY 2階店
8%
#1224 JR新大阪アルデ店
8%
#2238 JR東日本ホテルメッツ 秋葉原店
8%
#867 越谷イオンレイクタウン kaze 1階店
8%
#4329 越谷イオンレイクタウン kaze 2階カフェプラザ店
8%
#865 越谷イオンレイクタウン mori ガーデンウォーク店
8%
#864 越谷イオンレイクタウン mori 1階店
8%
#866 越谷イオンレイクタウン mori 3階店
8%
#1212 nonowa武蔵小金井店
8%
#1456 nonowa東小金井店
8%
#1528 港北東急S.C.店
8%
#2106 TSUTAYA ハレノテラス東大宮店
8%
#2273 TSUTAYA BOOKSTORE 新綱島店
8%
#8 みなとみらい東急スクエア店
4%
#16 新宿サザンテラス店
4%
#66 西武高田馬場駅店
4%
#70 三軒茶屋店
4%
#71 吉祥寺東急店
4%
#72 横浜モアーズ店
4%
#96 関内馬車道店
4%
#118 ビーンズ赤羽店
4%
#127 イオン橋本店
4%
#130 新宿マインズタワー店
4%
#141 キャナルシティ博多店
4%
#143 仙川駅前店
4%
#162 志木駅前店
4%
#182 南池袋店
4%
#195 立川伊勢丹店
4%
#199 成田空港店
4%
#200 武蔵境イトーヨーカドー店
4%
#204 新宿南口店
4%
#211 オリエンタルホテル福岡博多ステーション店
4%
#223 アトレ松戸店
4%
#227 神田駅前店
4%
#254 平塚ラスカ店
4%
#266 日吉店
4%
#270 アトレ取手店
4%
#281 西武本川越駅店
4%
#288 福岡朝日ビル店
4%
#317 ゆめタウン大牟田店
4%
#322 ルミネ藤沢店
4%
#323 新宿新南口店
4%
#338 アトレ上野店
4%
#339 飯田橋メトロピア店
4%
#341 吉祥寺駅前店
4%
#348 戸塚店
4%
#376 阪急池田駅店
4%
#434 新宿エルタワー店
4%
#442 イオン若松店
4%
#447 国立店
4%
#450 湘南台イトーヨーカドー店
4%
#475 小倉京町店
4%
#479 清瀬駅前店
4%
#495 リバーウォーク北九州デコシティ店
4%
#499 イオン北千里店
4%
#503 みのおキューズモール店
4%
#517 ゆめタウン久留米店
4%
#529 イオンモール太田店
4%
#531 逗子駅前店
4%
#534 イオンモール香椎浜店
4%
#537 ルミネ川越店
4%
#543 福生西友店
4%
#544 イオンモール橿原店
4%
#561 イオンモール福岡店
4%
#586 イオンモール姫路大津店
4%
#596 サンリブシティ小倉店
4%
#608 イオンモール直方店
4%
#616 天満橋京阪シティモール店
4%
#618 グランデュオ蒲田店
4%
#626 大倉山駅前店
4%
#629 ボックスタウン箱崎店
4%
#640 太宰府向佐野店
4%
#641 天神西通り店
4%
#644 カエデウォーク長津田店
4%
#649 アリオ札幌店
4%
#664 イオンモールナゴヤドーム前店
4%
#667 カインズホーム鶴ヶ島店
4%
#671 イオンモール千葉ニュータウン店
4%
#679 イオンモール福岡伊都店
4%
#682 東武久喜駅店
4%
#685 ミスターマックス湘南藤沢ショッピングセンター店
4%
#686 新宿西口店
4%
#726 イオンモール八幡東店
4%
#727 アリオ八尾店
4%
#729 ゆめタウン佐賀店
4%
#745 日野万願寺店
4%
#756 ゆめタウン博多店
4%
#758 横浜ワールドポーターズ店
4%
#762 イオンモール高松店
4%
#764 イオンモール高の原店
4%
#776 海ほたるパーキングエリア店
4%
#787 ルミネエスト新宿店
4%
#795 久留米上津バイパス店
4%
#802 代々木店
4%
#808 五反田東急スクエア店
4%
#815 上里サービスエリア(下り線)店
4%
#820 秋葉原駅前店
4%
#839 阪神御影クラッセ店
4%
#844 カインズホーム青梅店
4%
#846 札幌パルコ店
4%
#860 倉敷中島店
4%
#884 横川サービスエリア(上り線)店
4%
#888 アトレ川崎店
4%
#890 イオンモール草津店
4%
#897 富山環水公園店
4%
#899 酒々井パーキングエリア(下り線)店
4%
#903 新宿三井ビル店
4%
#906 たまプラーザテラス店
4%
#919 新宿野村ビル店
4%
#922 東急プラザ戸塚店
4%
#943 アトレヴィ三鷹店
4%
#953 ピオニウォーク東松山店
4%
#962 福岡大濠公園店
4%
#969 湾岸幕張パーキングエリア(下り線)店
4%
#989 イオンモール伊丹昆陽店
4%
#991 港南台バーズ店
4%
#995 イオン金沢八景店
4%
#1009 福岡新宮店
4%
#1028 ビバモール寝屋川店
4%
#1033 木の葉モール橋本店
4%
#1034 パワーモール前橋みなみ店
4%
#1047 茨木真砂店
4%
#1052 イオン秦野店
4%
#1059 天神南渡辺通り店
4%
#1072 イオンモール久御山店
4%
#1080 イオンモール福津店
4%
#1081 湾岸幕張パーキングエリア(上り線)店
4%
#1083 神楽坂下店
4%
#1094 吹田山田店
4%
#1103 水戸赤塚店
4%
#1104 大宮マルイ店
4%
#1108 平塚田村店
4%
#1114 酒々井プレミアム・アウトレット店
4%
#1120 杏林大学病院店
4%
#1132 キラリナ京王吉祥寺店
4%
#1139 田園調布 東急スクエアガーデンサイト店
4%
#1168 久留米東櫛原店
4%
#1178 イオンモール東員店
4%
#1182 イオンモール幕張新都心グランドモール店
4%
#1187 イオンモール大和郡山店
4%
#1195 トレッサ横浜店
4%
#1207 マリエとやま店
4%
#1208 出雲大社店
4%
#1213 エキマルシェ新大阪店
4%
#1220 福岡パルコ店
4%
#1247 天神ソラリアステージ店
4%
#1266 イオンモール旭川駅前店
4%
#1277 イオンモール沖縄ライカム店
4%
#1279 西鉄天神高速バスターミナル店
4%
#1281 帯広稲田店
4%
#1289 千里中央店
4%
#1305 南流山店
4%
#1306 イオンモール大阪ドームシティ店
4%
#1315 小田急町田駅店
4%
#1324 ルミネ町田店
4%
#1325 三鷹武蔵境通り店
4%
#1328 世田谷ビジネススクエア店
4%
#1353 ルミネ横浜店
4%
#1360 ビーンズ戸田公園店
4%
#1370 阪急南千里店
4%
#1379 東香里店
4%
#1398 さいたま大和田店
4%
#1410 小谷サービスエリア(上り線)店
4%
#1419 中山寺店
4%
#1422 トリエ京王調布店
4%
#1424 ウエストコート姪浜店
4%
#1426 プラーレ松戸店
4%
#1437 所沢小手指バイパス店
4%
#1460 イオンモール新小松店
4%
#1464 早稲田大学戸山キャンパス店
4%
#1465 イーアス高尾店
4%
#1473 草津駒井沢店
4%
#1491 京橋 京阪モール店
4%
#1495 鹿島店
4%
#1496 福岡空港国際線ターミナル店
4%
#1541 イオンスタイル品川シーサイド店
4%
#1545 ゆめタウンはません店
4%
#1558 イオンモール座間店
4%
#1564 松江玉湯店
4%
#1581 マークイズ福岡ももち店
4%
#1582 慶應義塾大学病院店
4%
#1587 エキア志木店
4%
#1594 西鉄大橋駅店
4%
#1595 西鉄久留米駅店
4%
#1628 ゆめタウン行橋店
4%
#1629 淡路町駅前店
4%
#1644 吉祥寺パルコ店
4%
#1647 小平天神店
4%
#1658 リンクスクエア新宿店
4%
#1680 ちはら台モール店
4%
#1681 南町田グランベリーパーク店
4%
#1691 ららぽーと沼津店
4%
#1700 東別院店
4%
#1708 博多駅前ビジネスセンター店
4%
#1720 シャポー市川店
4%
#1724 流山おおたかの森運動公園店
4%
#1726 倉敷笹沖店
4%
#1737 ニッケコルトンプラザ ツムグテラス店
4%
#1742 エトモ綱島店
4%
#1775 都営神保町駅店
4%
#1777 三井アウトレットパーク 横浜ベイサイド店
4%
#1823 あまがさきキューズモール店
4%
#1830 イオンモール北大路店
4%
#1843 豊明店
4%
#1851 アリオ西新井店
4%
#1860 パセオ野間大池店
4%
#1867 御殿場プレミアム・アウトレット店
4%
#1868 三郷中央店
4%
#1882 浦和西口店
4%
#1883 カインズ羽生店
4%
#1894 東急歌舞伎町タワー店
4%
#2033 福岡大学病院店
4%
#2045 日産グローバル本社ギャラリー店
4%
#2059 龍谷大学店
4%
#2060 蔦屋書店 海老名市立中央図書館店
4%
#2071 浦和 蔦屋書店
4%
#2072 枚方 蔦屋書店
4%
#2075 京都岡崎 蔦屋書店
4%
#2102 六本松 蔦屋書店
4%
#2124 アミュプラザ小倉店
4%
#2137 門司港駅店
4%
#2139 黒崎駅店
4%
#2140 ザ・ブラッサム博多プレミア店
4%
#2147 奈良 蔦屋書店
4%
#2156 新大久保駅店
4%
#2175 諫早駅店
4%
#2191 折尾駅店
4%
#2239 神田駅南口店
4%
#2251 エキュート立川店
4%
#2252 市ヶ谷駅前店
4%
#2288 博多駅新幹線改札内店
4%
#2292 博多デイトスアネックス店
4%
#4008 イオンモール神戸北店
4%
#4009 イオンモール大牟田店
4%
#4013 ゆめタウン山口店
4%
#4015 あべのキューズモール店
4%
#4020 京都亀岡店
4%
#4022 熊本帯山店
4%
#4026 ららぽーと福岡店
4%
#4029 岡山平井店
4%
#4045 福岡星見ヶ丘店
4%
#4055 福岡香椎店
4%
#4064 博多千代県庁口店
4%
#4069 イオンモール常滑店
4%
#4070 グランツリー武蔵小杉店
4%
#4073 ジ アウトレット北九州店
4%
#4075 イオン市川妙典店
4%
#4077 イーアス春日井店
4%
#4078 京王笹塚店
4%
#4097 道の駅みのりの郷東金店
4%
#4112 福岡周船寺店
4%
#4113 イオンモール筑紫野店
4%
#4126 イオンモール都城駅前店
4%
#4130 筑後店
4%
#4131 福岡古賀店
4%
#4133 イオン天王町店
4%
#4148 ふかや花園プレミアム・アウトレット店
4%
#4154 福山サービスエリア(下り線)店
4%
#4161 深谷国済寺店
4%
#4172 九大伊都 蔦屋書店
4%
#4188 到津の森公園店
4%
#4212 我孫子店
4%
#4213 今治鳥生店
4%
#4218 ユニモちはら台店
4%
#4255 ゆめタウン飯塚店
4%
#4267 ミーナ天神店
4%
#4269 八幡永犬丸店
4%
#4274 イオンなかま店
4%
#4286 イオンモール新居浜店
4%
#4301 八幡平野店
4%
#4328 羽村栄町店
4%
#4332 服部緑地店
4%
#4334 出雲今市店
4%
#4348 ガーデンズ千早東店
4%
#4350 そよら古川橋駅前店
4%
#4356 イオンモール幕張新都心エキマエ店
4%
#4362 都ホテル 博多店
4%
#4390 ベイシア木更津金田店
4%
#4391 新越谷ヴァリエ店
4%
#4401 カインズ古河店
4%
#4403 中津店
4%
#4412 札幌菊水元町店
4%
#4418 札幌アピア店
4%
#4433 久留米合川店
4%
#4448 昭島駅前店
4%
#4462 そよら横浜高田店
4%
#390 ゆめタウン高松 1階店
4%
#436 成田空港第1ターミナル店
4%
#545 イオンモール広島府中1階店
4%
#790 イオンモール羽生1階店
4%
#1013 イオンモール甲府昭和1階店
4%
#1585 グランエミオ所沢西口1階店
4%
#1666 イオンモールむさし村山1階店
4%
#4309 アトレ目黒1店
4%
#1591 成田空港第1ターミナル第2サテライト店
4%
#725 イオンモールむさし村山2階店
4%
#1449 成田空港第2ターミナル店
4%
#1510 成田空港第2ターミナル到着ロビー南店
4%
#1531 グランエミオ所沢東口2階店
4%
#1709 成田空港第2ターミナルサテライト店
4%
#1719 成田空港第2ターミナル到着ロビー北店
4%
#1864 イオンモール高崎2階店
4%
#4125 アミュプラザ博多 2階店
4%
#219 新横浜3丁目店
4%
#1206 アミュプラザ博多3階店
4%
#1685 福岡空港国内線ターミナル3階店
4%
#1829 イオンモール広島府中3階店
4%
#4364 イオンモール羽生3階店
4%
#886 神宮前6丁目店
4%
#1799 京急百貨店6階店
4%
#4167 ひたちなか6号店
4%
#1326 横浜モアーズ8階店
4%
#2241 ABURAYAMA FUKUOKA店
4%
#251 武蔵浦和BEANS店
4%
#954 EXPASA足柄サービスエリア(下り線)店
4%
#955 EXPASA足柄サービスエリア(上り線)店
4%
#1507 EXPASA海老名サービスエリア(上り線)店
4%
#1824 IWATAYA本店新館店
4%
#460 JR東京駅日本橋口店
4%
#2042 JR東海 新大阪駅新幹線ラチ内店
4%
#2047 JR有楽町駅京橋口店
4%
#2123 JR東海 小田原駅店
4%
#2247 JR東日本ホテルメッツ 横浜鶴見店
4%
#1366 JRJP博多ビル店
4%
#4115 越谷イオンレイクタウン kaze 2階レイクタウンゲート店
4%
#1365 KITTE博多店
4%
#1439 イオンモールKYOTO店
4%
#1536 LUCUA osaka 地下2階店
4%
#1589 ルミネ大宮 LUMINE1店
4%
#261 ルミネ大宮 LUMINE2店
4%
#828 淀屋橋odona店
4%
#478 西武新宿PePe店
4%
#1444 流山おおたかの森S・C店
4%
#4010 西武東戸塚S.C.店
4%
#4331 小田急百貨店SHINJUKU DELISH PARK店
4%
#1753 新宿中央公園 SHUKNOVA店
4%
#1721 theGreen千葉ニュータウン店
4%
#41 ららぽーとTOKYO-BAY 北館店
4%
#262 ららぽーとTOKYO-BAY 南館店
4%
#2015 TSUTAYA 横浜みなとみらい店
4%
#2074 TSUTAYA 坂戸八幡店
4%
#2126 TSUTAYA マークイズ 福岡ももち店
4%
#2135 TSUTAYA 相鉄ライフ三ツ境店
4%
#2242 TSUTAYA BOOKSTORE ラクア緑井店
4%
#2243 TSUTAYA BOOKSTORE 海老名店
4%
#2321 TSUTAYA BOOKSTORE そよら成田ニュータウン店
4%
#1219 天神VIORO店
4%
#1 銀座松屋通り店
0%
#2 お茶の水村田ビル店
0%
#3 ヤエチカ店
0%
#5 日比谷シティ店
0%
#6 アークヒルズ店
0%
#9 渋谷文化村通り店
0%
#17 人形町店
0%
#19 下北沢店
0%
#22 明大前店
0%
#23 学芸大駅前店
0%
#24 西五反田店
0%
#25 品川インターシティ店
0%
#26 本郷東大前店
0%
#27 麻布十番店
0%
#30 丸の内三菱ビル店
0%
#32 ゲートシティ大崎店
0%
#33 麹町店
0%
#38 池袋明治通り店
0%
#39 井の頭公園店
0%
#40 アクセス表参道店
0%
#44 横浜元町店
0%
#45 新横浜店
0%
#46 西新宿三井ビル店
0%
#47 青山骨董通り店
0%
#49 横浜ランドマークプラザ店
0%
#50 自由が丘店
0%
#53 日本橋本町店
0%
#55 日本橋スルガビル店
0%
#57 本厚木店
0%
#61 築地駅前店
0%
#63 津田沼ビート店
0%
#65 虎ノ門駅前店
0%
#68 京都三条大橋店
0%
#75 竹橋パレスサイド店
0%
#76 京都四条通ヤサカビル店
0%
#81 湘南台駅ビル店
0%
#86 飯田橋軽子坂店
0%
#88 御堂筋本町店
0%
#89 聖蹟桜ヶ丘オーパ店
0%
#92 堺筋本町店
0%
#95 山王パークタワー店
0%
#97 渋谷クロスタワー店
0%
#101 渋谷マークシティ店
0%
#106 肥後橋南店
0%
#108 新橋駅前店
0%
#111 九段下店
0%
#113 川崎モアーズ店
0%
#114 渋谷公園通り店
0%
#116 京都三条烏丸ビル店
0%
#125 恵比寿ユニオンビル店
0%
#129 大阪ガーデンシティ店
0%
#135 イオン板橋店
0%
#138 摂津本山岡本ビル店
0%
#142 赤坂見附店
0%
#146 茅ヶ崎スルガビル店
0%
#152 水道橋後楽森ビル店
0%
#156 自由が丘駅前店
0%
#167 明石ビブレ店
0%
#169 柏マルイ店
0%
#170 柏 高島屋ステーションモール店
0%
#172 ザザシティ浜松店
0%
#174 エスパル仙台本館店
0%
#175 アトレ亀戸店
0%
#177 名古屋 アピタ長久手店
0%
#179 木場イトーヨーカドー店
0%
#181 ちゃやまちアプローズタワー店
0%
#183 青葉台東急スクエア店
0%
#184 大分わさだトキハ店
0%
#185 イオン南砂店
0%
#186 須磨大丸店
0%
#187 りんくうプレミアム・アウトレット店
0%
#191 王子駅前店
0%
#192 紙屋町シャレオ店
0%
#193 イオンモール桑名店
0%
#194 名駅地下街 サンロード店
0%
#198 イオン海浜幕張店
0%
#201 洛北阪急スクエア店
0%
#202 赤坂溜池タワー店
0%
#203 浅草雷門通り店
0%
#206 横浜北幸店
0%
#213 ヨドバシ千葉店
0%
#214 新宿ダイアンビル店
0%
#215 ホテルグランテラス 仙台国分町店
0%
#217 宇都宮福田屋店
0%
#218 豊洲センタービル店
0%
#222 天王洲店
0%
#224 丸の内新東京ビル店
0%
#226 奈良学園前駅店
0%
#229 中野通り店
0%
#231 高崎駅ビル モントレー店
0%
#232 上野マルイ店
0%
#235 新宿グリーンタワービル店
0%
#236 郡山モルティ店
0%
#238 新潟万代シテイ店
0%
#243 三井住友銀行名古屋ビル店
0%
#245 仙台クリスロード店
0%
#246 横須賀モアーズシティ店
0%
#248 四ツ橋店
0%
#249 愛宕グリーンヒルズ店
0%
#250 中目黒山手通り店
0%
#255 静岡呉服町通り店
0%
#256 三宮ダイエー店
0%
#263 三宮生田新道店
0%
#264 金町駅南口店
0%
#265 広島本通り店
0%
#269 京都祇園ホテル店
0%
#272 ウィング上大岡店
0%
#276 晴海 トリトンスクエア店
0%
#278 なんば 御堂筋グランドビル店
0%
#283 からすま京都ホテル店
0%
#294 桜通り大津店
0%
#296 ギャラリエアピタ知立店
0%
#298 アズ熊谷店
0%
#299 浅草駅前店
0%
#301 御徒町春日通り店
0%
#306 横浜公園店
0%
#309 神戸旧居留地店
0%
#319 大和オークシティ店
0%
#327 池袋サンシャインシティ アルパ店
0%
#328 仙台駅東口店
0%
#329 なんば南海通店
0%
#332 ホテル京阪 ユニバーサル・タワー店
0%
#333 札幌グランドホテル店
0%
#336 高松丸亀町フェスタ店
0%
#344 高松瓦町駅店
0%
#346 大手町東京サンケイビル店
0%
#347 錦糸町 丸井店
0%
#349 名駅地下街 ユニモール店
0%
#351 海老名店
0%
#353 横浜西口店
0%
#357 茅場町店
0%
#358 香林坊東急スクエア店
0%
#363 パークプレイス大分店
0%
#364 栄 チェリープラザ店
0%
#365 栄広小路店
0%
#369 池袋西口店
0%
#370 ココリア多摩センター店
0%
#371 丸の内ビル店
0%
#373 札幌南一条店
0%
#374 仙台アエル店
0%
#380 大船ルミネウィング店
0%
#381 那覇国際通り牧志店
0%
#382 中之島三井ビル店
0%
#385 金山駅南口店
0%
#386 山科駅前店
0%
#387 大泉学園ゆめりあフェンテ店
0%
#388 桜橋プラザビル店
0%
#391 泉中央セルバ店
0%
#392 長崎ゆめタウン夢彩都店
0%
#396 鎌倉店
0%
#398 美浜アメリカンビレッジ店
0%
#399 奈良西大寺駅前店
0%
#400 新栄葵町店
0%
#401 盛岡菜園店
0%
#404 千葉中央駅店
0%
#406 那覇メインプレイス店
0%
#409 川崎 ラ チッタデッラ店
0%
#410 南青山骨董通り店
0%
#419 武蔵小杉北口店
0%
#422 広尾店
0%
#425 熊本シャワー通り店
0%
#428 イオン那覇ショッピングセンター店
0%
#430 京都新京極店
0%
#431 イオンモール高岡店
0%
#432 大手町ビル店
0%
#437 六本木ヒルズ メトロハット/ハリウッドプラザ店
0%
#438 六本木ヒルズ ウエストウォーク店
0%
#439 汐留シティセンター店
0%
#440 イオンモール鈴鹿店
0%
#441 イオン札幌桑園店
0%
#443 ビーンズ阿佐ヶ谷駅前店
0%
#445 八王子オクトーレ店
0%
#448 飯田橋アイガーデンテラス店
0%
#453 覚王山店
0%
#458 佐野プレミアム・アウトレット店
0%
#468 エビスタ西宮店
0%
#470 アピタ新潟西店
0%
#471 朝霞駅前店
0%
#473 西本町店
0%
#474 東京ドームシティ ラクーア店
0%
#483 松山いよてつ会館ビル店
0%
#485 大丸下関店
0%
#486 秋田アルス店
0%
#487 千葉センシティタワー店
0%
#488 渋谷ファイヤー通り店
0%
#490 イオンモール富谷店
0%
#491 イオンモール佐野新都市店
0%
#497 長野駅前店
0%
#500 フェアモール松任店
0%
#501 イオン入間店
0%
#505 イオンモール札幌苗穂店
0%
#507 浦安店
0%
#511 イオンモール扶桑店
0%
#512 横浜ビジネスパーク店
0%
#516 イオンモール盛岡店
0%
#520 東銀座店
0%
#522 宇都宮パセオ店
0%
#524 大塚駅前店
0%
#525 エトモ大井町店
0%
#527 フェアモール福井店
0%
#532 関 マーゴ店
0%
#538 佐世保四ヶ町店
0%
#539 イオンモール京都五条店
0%
#546 軽井沢・プリンスショッピングプラザ店
0%
#547 京都タワー サンド店
0%
#549 イオン宇品店
0%
#553 中部国際空港セントレア店
0%
#554 イオンモール旭川西店
0%
#556 大和郡山アピタ店
0%
#557 大宮宮原ステラタウン店
0%
#559 イオン南風原店
0%
#562 エキア北千住店
0%
#563 イオンモール木曽川店
0%
#564 熊本ゆめタウン光の森店
0%
#566 近鉄東大阪店
0%
#567 イオンモール浜松志都呂店
0%
#568 モラージュ柏店
0%
#570 らびすた新杉田店
0%
#571 イオン上田店
0%
#573 ゆめタウン呉店
0%
#574 宇都宮イトーヨーカドー店
0%
#576 アピタ千代田橋店
0%
#577 具志川メインシティ店
0%
#582 イオンモールりんくう泉南店
0%
#584 アピタ鳴海店
0%
#587 ガーデンパーク和歌山店
0%
#589 府中くるる店
0%
#590 熊本光の森ロードサイド店
0%
#591 池袋ショッピングパーク南館店
0%
#592 中部国際空港出発ターミナル内店
0%
#593 ペディ汐留店
0%
#594 久居インターガーデン店
0%
#597 甲府リバーシティ店
0%
#599 アピタ四日市店
0%
#600 順天堂医院店
0%
#603 カインズホーム前橋吉岡店
0%
#604 豊田元町店
0%
#605 イオンモール八千代緑が丘店
0%
#606 広島アルパーク店
0%
#607 四街道イトーヨーカドー店
0%
#609 くずはモール ダイニングストリート店
0%
#610 イオンモール新発田店
0%
#612 イオンモール苫小牧店
0%
#614 アピタ高蔵寺店
0%
#615 イオンタウン千種店
0%
#617 三郷イトーヨーカドー店
0%
#621 ゆめタウン八代店
0%
#623 イオン北谷店
0%
#624 鎌倉御成町店
0%
#625 成城店
0%
#627 イオンモール秋田店
0%
#628 用賀店
0%
#632 白金高輪店
0%
#633 町田金森店
0%
#634 イオンモール熊本店
0%
#636 浦添バークレーズコート店
0%
#637 鶴川店
0%
#642 アピタ静岡店
0%
#648 日本大学板橋病院店
0%
#650 別府トキハ店
0%
#652 沖縄西原シティ店
0%
#653 岡山大学病院店
0%
#657 北の丸スクエア店
0%
#658 多摩境店
0%
#661 佐野プレミアム・アウトレット プレイグラウンド店
0%
#669 アトレ新浦安店
0%
#673 日進竹の山店
0%
#675 イオンモール柏店
0%
#676 西宮鞍掛店
0%
#678 モレラ岐阜店
0%
#683 姫路飾磨店
0%
#687 なめがわ森林モール店
0%
#688 獨協医科大学病院店
0%
#689 東京大学工学部店
0%
#691 桑名サンシパーク店
0%
#693 カインズモール彦根店
0%
#694 岡山シネマタウン岡南店
0%
#700 宮崎青葉町店
0%
#701 鹿児島天文館店
0%
#703 ベイスクエア津店
0%
#704 香川大学病院店
0%
#707 イオンモール盛岡南店
0%
#709 宮崎山形屋店
0%
#716 栄ラシック店
0%
#718 なんばパークス店
0%
#720 カインズスーパーモールかわじま店
0%
#721 ベイシア富里店
0%
#723 神戸上津台店
0%
#724 熊本インターチェンジ店
0%
#728 近江八幡店
0%
#730 横浜鶴見店
0%
#731 浜名湖サービスエリア店
0%
#732 和歌山県立医科大学附属病院店
0%
#733 富士川サービスエリア(下り線)店
0%
#740 山梨大学医学部附属病院店
0%
#741 旭川医科大学病院店
0%
#742 松井山手店
0%
#743 新丸ビル店
0%
#744 松山湊町店
0%
#746 野々市市役所前店
0%
#747 宮崎赤江店
0%
#748 大阪大学医学部附属病院店
0%
#749 けやきウォーク前橋店
0%
#751 イオンモール札幌平岡店
0%
#752 埼玉医科大学国際医療センター店
0%
#755 おやまゆうえんハーヴェストウォーク店
0%
#757 東京ステーションシティ サピアタワー店
0%
#759 聖路加国際病院店
0%
#760 長岡リバーサイド千秋店
0%
#763 イオンモール大垣店
0%
#765 名古屋市立大学病院店
0%
#766 神戸垂水桃山台店
0%
#769 神戸三田プレミアム・アウトレット店
0%
#770 東京ドームシティ ミーツポート店
0%
#771 福島県立医科大学附属病院店
0%
#772 カレッタ汐留店
0%
#773 宇都宮上戸祭店
0%
#778 高知あぞの店
0%
#780 芝大門店
0%
#782 イオンモール各務原店
0%
#783 ルミネ荻窪店
0%
#784 岡山大安寺店
0%
#785 大分大学医学部附属病院店
0%
#786 大和高田店
0%
#788 札幌医科大学附属病院店
0%
#789 池袋サンシャイン通り店
0%
#791 イオンモール鹿児島店
0%
#793 札幌石山店
0%
#794 富山総曲輪フェリオ店
0%
#796 ベイシア佐倉店
0%
#798 新宿サブナード店
0%
#801 北参道店
0%
#803 イオンモール新潟亀田インター店
0%
#805 高知潮江店
0%
#806 富山藤の木店
0%
#810 イオンタウン富士南店
0%
#814 厚木及川店
0%
#816 橿原中和幹線葛本店
0%
#818 水戸 県庁前店
0%
#819 ミーナ津田沼店
0%
#821 浦和別所店
0%
#823 獨協医科大学埼玉医療センター店
0%
#824 赤坂プルデンシャルタワー店
0%
#825 三木サービスエリア(下り線)店
0%
#827 尼崎つかしん店
0%
#830 ゆめタウン広島店
0%
#833 高崎貝沢店
0%
#836 舞浜 イクスピアリ店
0%
#837 三宮磯上通店
0%
#840 名古屋大須万松寺店
0%
#841 倉敷天満屋店
0%
#842 沖縄読谷店
0%
#848 六本木ヒルズ ウエストウォーク ラウンジ店
0%
#849 おのだサンパーク店
0%
#850 ルミネ北千住店
0%
#851 アトレヴィ田端店
0%
#855 北広島大曲店
0%
#856 イオンモール佐久平店
0%
#857 千葉美浜店
0%
#859 長崎空港店
0%
#861 豊橋ココラフロント店
0%
#863 京都錦小路店
0%
#869 大手町カンファレンスセンター店
0%
#871 仙台泉パークタウン タピオ店
0%
#873 明治神宮前メトロピア店
0%
#874 自治医科大学附属病院店
0%
#875 経塚シティ店
0%
#876 イオンモール大曲店
0%
#877 みらい長崎ココウォーク店
0%
#878 新鎌ヶ谷店
0%
#880 京都烏丸六角店
0%
#882 奈良西大和ニュータウン店
0%
#883 イオンモールかほく店
0%
#889 クリスタ長堀店
0%
#892 木更津店
0%
#893 沖縄国体道路店
0%
#895 丸の内パークビル店
0%
#898 町田パリオ店
0%
#902 銀座ファイブ店
0%
#905 霞ダイニング店
0%
#907 ラザウォーク甲斐双葉店
0%
#909 岡崎竜美店
0%
#911 イオンモール広島祇園店
0%
#912 秋田大学医学部附属病院店
0%
#913 甲府アルプス通り店
0%
#914 札幌円山店
0%
#917 千葉おゆみ野店
0%
#920 三木サービスエリア(上り線)店
0%
#921 立川若葉店
0%
#926 金立サービスエリア(下り線)店
0%
#928 尾張一宮パーキングエリア(上り線)店
0%
#929 尾張一宮パーキングエリア(下り線)店
0%
#930 リーフウォーク稲沢店
0%
#931 基山パーキングエリア(上り線)店
0%
#932 多賀サービスエリア(上り線)店
0%
#937 南条サービスエリア(上り線)店
0%
#938 黒埼パーキングエリア(下り線)店
0%
#939 御器所駅前店
0%
#940 神戸北野異人館店
0%
#942 千葉若松店
0%
#948 梓川サービスエリア(上り線)店
0%
#949 淡路サービスエリア(下り線)店
0%
#950 高松レインボーロード店
0%
#952 恵那峡サービスエリア(下り線)店
0%
#957 安城百石店
0%
#959 イオンモール富士宮店
0%
#960 大丸梅田店
0%
#961 アクアシティお台場店
0%
#965 二子玉川ライズ ドッグウッドプラザ店
0%
#971 ふじみ野店
0%
#972 名古屋大学附属図書館店
0%
#973 福山ポートプラザ天満屋店
0%
#976 徳島駅クレメントプラザ店
0%
#979 長野南高田店
0%
#985 サザンスカイタワー八王子店
0%
#986 富山ファボーレ店
0%
#988 岐阜正木店
0%
#992 小山店
0%
#996 阪急大井町ガーデン店
0%
#997 相模原共和店
0%
#998 コースカベイサイドストアーズ店
0%
#1000 沖縄アウトレットモールあしびなー店
0%
#1002 大府柊山店
0%
#1005 山形エスパル店
0%
#1006 山形馬見ヶ崎店
0%
#1007 アコルデ代々木上原店
0%
#1012 函館ベイサイド店
0%
#1015 新千歳空港店
0%
#1020 イーサイト高崎店
0%
#1021 栄大津通店
0%
#1022 アリオ上田店
0%
#1023 金沢大桑店
0%
#1029 和歌山パームシティ店
0%
#1032 イオンタウン伊勢ララパーク店
0%
#1041 福島エスパル店
0%
#1042 ホリデイ・スクエア豊橋店
0%
#1043 徳島沖浜店
0%
#1048 名古屋久屋南店
0%
#1050 三井アウトレットパーク倉敷店
0%
#1051 札幌美園店
0%
#1053 ヴァル小山店
0%
#1054 ゆめタウン徳島店
0%
#1055 郡山駅店
0%
#1056 元八王子店
0%
#1060 甲府和戸通り店
0%
#1062 東急プラザ表参道オモカド店
0%
#1063 四日市尾平店
0%
#1068 豊中ロマンチック街道店
0%
#1069 イオンモール明和店
0%
#1070 ダイバーシティ東京 プラザ店
0%
#1071 諏訪湖サービスエリア(上り線)店
0%
#1073 市原店
0%
#1074 新潟松崎店
0%
#1077 山形県立中央病院店
0%
#1078 広島段原店
0%
#1079 東武池袋店
0%
#1082 横浜スカイビル店
0%
#1084 郡山安積店
0%
#1085 東海大学医学部付属病院店
0%
#1087 上野恩賜公園店
0%
#1088 武蔵小杉東急スクエア店
0%
#1091 神戸西舞子店
0%
#1092 北里大学病院店
0%
#1095 大分下郡店
0%
#1098 多摩野猿街道店
0%
#1099 八戸田向店
0%
#1100 イオンモール四日市北店
0%
#1102 芦花公園店
0%
#1105 沖縄真嘉比店
0%
#1106 岡山けやき通り店
0%
#1110 イオンモールナゴヤドーム前フードコート店
0%
#1112 福山蔵王店
0%
#1115 広島大学病院店
0%
#1117 春日井南下原店
0%
#1119 フレンテ南大沢店
0%
#1122 仙台大野田店
0%
#1124 小田原飯泉店
0%
#1126 イオンモール札幌発寒店
0%
#1127 アトレヴィ大塚店
0%
#1129 シャミネ松江店
0%
#1130 目黒店
0%
#1133 浜松新津町店
0%
#1138 二子玉川公園店
0%
#1140 イオンモール石巻店
0%
#1145 三井アウトレットパーク滋賀竜王店
0%
#1147 加古川別府店
0%
#1150 名古屋自由ヶ丘店
0%
#1151 小田急相模大野ステーションスクエア店
0%
#1152 所沢けやき台店
0%
#1153 京都四条葛野大路店
0%
#1154 堺フェニックス通り 利晶の杜店
0%
#1155 ぽっぽ町田店
0%
#1157 松山中央店
0%
#1158 下関あるかぽーと店
0%
#1159 宇都宮インターパークステージ店
0%
#1161 常陸多賀店
0%
#1162 盛岡西バイパス店
0%
#1167 佐賀南バイパス店
0%
#1171 海老名中央店
0%
#1172 伊勢原成瀬店
0%
#1174 宇都宮城東店
0%
#1175 セレオ八王子北館店
0%
#1177 高松サン・フラワー通り店
0%
#1179 諏訪城南店
0%
#1181 熊本大江店
0%
#1184 させぼ五番街店
0%
#1185 豊洲フォレシア店
0%
#1186 テラスウォーク一宮店
0%
#1188 イオンモール和歌山店
0%
#1190 横浜アイマークプレイス店
0%
#1194 上越店
0%
#1196 水戸駅南中央通り店
0%
#1197 アークヒルズサウスタワー店
0%
#1200 岐阜茜部店
0%
#1201 イオンモール天童店
0%
#1204 ヴェルサウォーク西尾店
0%
#1205 仙台市名坂店
0%
#1210 名鉄百貨店名古屋店
0%
#1214 千葉長沼店
0%
#1215 イオンモール名古屋茶屋店
0%
#1217 札幌紀伊國屋書店
0%
#1221 北千住マルイ店
0%
#1223 富山けやき通り店
0%
#1225 飯田橋サクラテラス店
0%
#1226 八戸城下店
0%
#1228 ベイシア西部モール店
0%
#1229 南足柄店
0%
#1236 秋田東通店
0%
#1240 高崎上中居店
0%
#1243 ビエラ甲子園口店
0%
#1244 沖縄宜野湾店
0%
#1245 沖縄津嘉山店
0%
#1248 豊川正岡店
0%
#1249 藤枝蓮華寺池公園店
0%
#1251 札幌環状通東店
0%
#1252 酒田みずほ店
0%
#1253 エチカ池袋店
0%
#1254 青森中央店
0%
#1255 札幌宮ヶ丘店
0%
#1256 アルビ住道店
0%
#1260 福井二の宮 藤島通り店
0%
#1261 金沢エムザ店
0%
#1263 長野川中島店
0%
#1264 神栖店
0%
#1265 北心斎橋店
0%
#1267 あざみ野みすずが丘店
0%
#1268 西船橋メトロピア店
0%
#1269 恵比寿ファーストスクエア店
0%
#1271 泉北槇塚台店
0%
#1272 イオンモール姫路リバーシティ店
0%
#1273 高知帯屋町店
0%
#1275 ゆめタウン廿日市店
0%
#1278 宇都宮ゆいの杜店
0%
#1280 姫路南店
0%
#1282 富士吉田店
0%
#1283 コトチカ烏丸御池店
0%
#1285 大崎ブライトタワー店
0%
#1286 横浜ジョイナス店
0%
#1287 シャミネ鳥取店
0%
#1288 名古屋インターシティ伏見店
0%
#1294 滋賀長浜店
0%
#1296 郡山コスモス通り店
0%
#1297 イオンモール加西北条店
0%
#1298 三井アウトレットパーク北陸小矢部店
0%
#1299 ビエラ大津店
0%
#1301 ラスパ太田川店
0%
#1302 弘前公園前店
0%
#1303 プレ葉ウォーク浜北店
0%
#1304 浜松佐鳴台店
0%
#1310 千葉ニュータウン店
0%
#1311 福井西環状 やしろ店
0%
#1312 松山はなみずき通り店
0%
#1313 東京ガーデンテラス紀尾井町店
0%
#1314 札幌西町店
0%
#1316 天王寺ミオ プラザ館店
0%
#1317 ららぽーと豊洲 シーサイドデッキ店
0%
#1320 いわき鹿島街道店
0%
#1327 横浜ビブレ店
0%
#1329 北生駒ならやま大通り店
0%
#1330 大分大道バイパス店
0%
#1333 ゆめタウン出雲店
0%
#1334 鹿沼店
0%
#1335 安城篠目店
0%
#1336 金沢鞍月店
0%
#1337 東京ビッグサイト店
0%
#1338 シャポー船橋本館店
0%
#1339 ピオレ明石店
0%
#1341 渋谷モディ店
0%
#1342 なんばウォーク店
0%
#1344 堺プラットプラット店
0%
#1346 くずは美咲店
0%
#1349 奈良公園バスターミナル店
0%
#1350 東大阪宝持店
0%
#1351 盛岡フェザン店
0%
#1352 山形白山店
0%
#1354 厳島表参道店
0%
#1355 福井花堂店
0%
#1356 エスパル仙台東館店
0%
#1357 京橋エドグラン店
0%
#1359 ゆめシティ新下関店
0%
#1361 エキア成増店
0%
#1363 高山岡本店
0%
#1364 佐賀大学通り店
0%
#1371 豊田上原店
0%
#1372 ビエラ塚口店
0%
#1378 みんなの森 ぎふメディアコスモス店
0%
#1383 堺 泉ヶ丘駅前店
0%
#1384 香取佐原店
0%
#1387 旭川東光店
0%
#1390 甲賀水口店
0%
#1391 稲城東長沼店
0%
#1393 横浜ベイクォーター店
0%
#1394 松本平田店
0%
#1395 ひたちなか西光地店
0%
#1396 蔦屋書店 静岡本店
0%
#1397 三島玉川店
0%
#1400 グランデュオ立川店
0%
#1401 青森西バイパス店
0%
#1403 富士高島店
0%
#1404 羽島福寿店
0%
#1405 エキマルシェ大阪店
0%
#1407 レイクウォーク岡谷店
0%
#1408 津島大坪店
0%
#1409 浜松半田山店
0%
#1412 名古屋滝ノ水店
0%
#1413 札幌旭ヶ丘店
0%
#1414 住吉リブ店
0%
#1415 イオンモール鳥取北店
0%
#1417 中野坂上メトロピア店
0%
#1418 京阪祇園四条駅店
0%
#1423 心斎橋オーパ店
0%
#1425 鳥栖蔵上町店
0%
#1427 帯広白樺通り店
0%
#1428 和歌山岩出店
0%
#1430 和歌山昭和通り店
0%
#1431 札幌北野店
0%
#1432 神戸メリケンパーク店
0%
#1434 済生会宇都宮病院店
0%
#1435 真岡店
0%
#1438 太田西矢島店
0%
#1440 東近江八日市店
0%
#1441 鹿児島仙巌園店
0%
#1442 クロスモール富田林店
0%
#1443 京都宇治平等院表参道店
0%
#1447 上尾二ツ宮店
0%
#1448 新潟女池店
0%
#1450 むさし村山新青梅街道店
0%
#1451 北上店
0%
#1452 一関店
0%
#1458 松山市駅前店
0%
#1459 イオンモール下田店
0%
#1462 西那須野店
0%
#1463 | #4278 シャポー小岩店
0%
#1466 秋田駅店
0%
#1468 宇都宮鶴田店
0%
#1469 名古屋グローバルゲート店
0%
#1470 碧南城山店
0%
#1472 東京ミッドタウン店
0%
#1474 イオンモール徳島店
0%
#1476 京都二寧坂ヤサカ茶屋店
0%
#1477 山口市中央公園店
0%
#1478 本山駅前店
0%
#1479 名城公園店
0%
#1480 イオンスタイル碑文谷店
0%
#1482 栃木倭町店
0%
#1483 葉山店
0%
#1484 多治見光ヶ丘店
0%
#1486 グランスタ丸の内店
0%
#1487 お茶の水サンクレール店
0%
#1488 春日井勝川店
0%
#1489 成田美郷台店
0%
#1492 イオンモール長久手店
0%
#1493 前橋元総社店
0%
#1497 京王府中駅ビル店
0%
#1498 松阪川井店
0%
#1500 伊那ナイスロード店
0%
#1502 目黒セントラルスクエア店
0%
#1503 東京ミッドタウン日比谷店
0%
#1504 パルコヤ上野店
0%
#1505 米沢春日店
0%
#1506 知立上重原店
0%
#1508 ペリエ千葉店
0%
#1511 海遊館店
0%
#1512 横浜ポルタ店
0%
#1513 大阪城公園店
0%
#1514 奈良鴻ノ池運動公園店
0%
#1516 秋田保戸野学園通り店
0%
#1517 プライムツリー赤池店
0%
#1518 半田住吉店
0%
#1519 イオンモール松本店
0%
#1520 弘前さくら野店
0%
#1521 佐賀武雄店
0%
#1522 古川店
0%
#1524 磐田見付店
0%
#1525 新潟中野山店
0%
#1526 ビーンズ阿佐ヶ谷てくて店
0%
#1527 野田桜の里店
0%
#1532 高崎オーパ店
0%
#1533 池袋ショッピングパーク北館店
0%
#1534 藤沢菖蒲沢店
0%
#1537 アリオ蘇我店
0%
#1538 グランスタ八重洲店
0%
#1540 大手町プレイス店
0%
#1543 沖縄本部町店
0%
#1546 新潟紫竹山店
0%
#1547 新百合ヶ丘エルミロード店
0%
#1548 小田急アコルデ新百合ヶ丘北館店
0%
#1549 釧路鶴見橋店
0%
#1550 仙台台原店
0%
#1552 名古屋志段味店
0%
#1554 川越鐘つき通り店
0%
#1557 ザ・モール仙台長町本館店
0%
#1559 いわき平堂ノ前店
0%
#1560 シャポー船橋南館店
0%
#1561 ジ アウトレット広島店
0%
#1562 錦糸町オリナス店
0%
#1563 日進香久山店
0%
#1565 浜松城公園店
0%
#1567 松本庄内店
0%
#1568 ジョイナステラス二俣川店
0%
#1569 武生中央公園店
0%
#1570 大井町駅東口店
0%
#1573 鶴岡店
0%
#1576 稲沢桜木宮前店
0%
#1577 道後温泉駅舎店
0%
#1579 奥州水沢店
0%
#1580 イオンモールいわき小名浜店
0%
#1586 千曲店
0%
#1588 エトモ祐天寺店
0%
#1590 青山ビルヂング店
0%
#1592 大阪城公園森ノ宮店
0%
#1593 静岡中原店
0%
#1596 犬山梅坪店
0%
#1597 カインズ熊谷籠原店
0%
#1599 ユーカリが丘店
0%
#1602 春日井東野店
0%
#1603 恵那店
0%
#1604 雷門店
0%
#1605 明石魚住店
0%
#1609 岡山一番街店
0%
#1610 横浜今宿店
0%
#1611 長岡七日町店
0%
#1613 八戸根城店
0%
#1614 近鉄草津店
0%
#1618 ららぽーと名古屋みなとアクルス店
0%
#1619 イオンモール津南店
0%
#1620 富士急ハイランド店
0%
#1621 日立シーマークスクエア店
0%
#1622 銀座 蔦屋書店
0%
#1623 京阪枚方市駅店
0%
#1624 藤枝高柳店
0%
#1625 館林朝日町店
0%
#1630 沖縄アブロうるま店
0%
#1633 ミント神戸店
0%
#1634 富岡店
0%
#1635 川越伊勢原店
0%
#1637 静岡草薙店
0%
#1638 コレド室町テラス店
0%
#1639 桜新町店
0%
#1642 大阪高島屋 地階西ゾーン店
0%
#1643 エディオンなんば店
0%
#1645 錦糸町パルコ店
0%
#1646 福島矢野目店
0%
#1649 渋谷ストリーム店
0%
#1650 名古屋スパイラルタワーズ店
0%
#1651 渋谷フクラス店
0%
#1655 岡山中仙道店
0%
#1656 福山多治米店
0%
#1659 横浜ハンマーヘッド店
0%
#1661 虎ノ門ヒルズ ビジネスタワー店
0%
#1662 美濃加茂新池店
0%
#1664 北名古屋店
0%
#1665 各務原蘇原店
0%
#1667 京阪守口市駅店
0%
#1668 松井山手欽明台店
0%
#1669 イオン釧路店
0%
#1670 川崎ルフロン店
0%
#1671 浦添西海岸パルコシティ店
0%
#1672 サクラマチ 熊本店
0%
#1673 飯能メッツァビレッジ店
0%
#1675 函館五稜郭駅前店
0%
#1676 表参道ヒルズ店
0%
#1677 フレスポ佐久インター店
0%
#1683 諫早多良見店
0%
#1686 柏崎穂波町店
0%
#1688 エミオ練馬店
0%
#1689 道の駅しもつけ店
0%
#1690 名古屋パルコ 西館店
0%
#1692 イオンモール綾川店
0%
#1697 石巻バイパス店
0%
#1699 渋谷パルコ店
0%
#1701 本厚木ミロード店
0%
#1702 ビーンズ中山店
0%
#1703 京阪京橋駅片町口店
0%
#1704 シモキタエキウエ店
0%
#1705 鳥栖プレミアム・アウトレット店
0%
#1706 星が丘テラス店
0%
#1707 一宮富士店
0%
#1710 鶴ヶ島若葉店
0%
#1711 北仲ブリック&ホワイト店
0%
#1713 鹿児島マルヤガーデンズ店
0%
#1714 一宮木曽川店
0%
#1715 小牧川西店
0%
#1718 学園都市キャンパススクェア店
0%
#1722 オーシャンゲートみなとみらい店
0%
#1723 横手店
0%
#1725 みよし店
0%
#1729 南御堂ビルディング店
0%
#1730 豊田住吉店
0%
#1731 三条東新保店
0%
#1732 那須ガーデンアウトレット店
0%
#1734 福井春江店
0%
#1735 ブランチ大津京店
0%
#1736 クリスタ長堀 ウエスト店
0%
#1741 スノーピークランドステーション白馬店
0%
#1746 大田原美原店
0%
#1747 防府店
0%
#1748 イオン藤井寺ショッピングセンター店
0%
#1751 御殿場萩原店
0%
#1756 大分トキハ本店
0%
#1757 仙台六丁の目店
0%
#1759 新潟マルタケビル店
0%
#1762 梅田エスト店
0%
#1764 イオンタウン四日市泊店
0%
#1765 沼津花園店
0%
#1766 奈良猿沢池店
0%
#1767 堺東中央線店
0%
#1769 別府公園店
0%
#1770 愛西店
0%
#1772 広島パルコ店
0%
#1773 ブランチ札幌月寒店
0%
#1774 葛西臨海公園駅店
0%
#1778 荻窪タウンセブン店
0%
#1779 焼津八楠店
0%
#1782 旭川北彩都店
0%
#1783 丸の内オアゾ店
0%
#1784 甲府平和通り店
0%
#1785 上田中央店
0%
#1787 敷島公園店
0%
#1788 ペリエ海浜幕張店
0%
#1789 信州善光寺仲見世通り店
0%
#1791 新三田桜のこみち公園店
0%
#1792 アクアウォーク大垣店
0%
#1794 エキア プレミエ 和光店
0%
#1795 新田町ビル店
0%
#1796 日テレプラザ店
0%
#1797 丸亀新田店
0%
#1798 上越高田城址公園店
0%
#1802 ららテラス 武蔵小杉店
0%
#1803 ニュウマン横浜店
0%
#1807 大船グランシップ店
0%
#1811 広島三越店
0%
#1815 西東京新町店
0%
#1817 泉南りんくう公園店
0%
#1818 小牧市中央図書館店
0%
#1819 東京科学大学店
0%
#1820 利府街道店
0%
#1821 有楽町メトロピア店
0%
#1822 イーアス沖縄豊崎店
0%
#1825 エミオひばりヶ丘店
0%
#1826 射水歌の森運動公園店
0%
#1827 ビバスクエア京都 梅小路公園店
0%
#1828 安曇野豊科店
0%
#1832 エトモ池上店
0%
#1837 京王新宿三丁目ビル店
0%
#1838 新宿御苑店
0%
#1839 東京ワールドゲート神谷町店
0%
#1840 エチカフィット銀座店
0%
#1841 本巣北方店
0%
#1842 心斎橋パルコ店
0%
#1845 北見三輪店
0%
#1847 旭川大雪通店
0%
#1848 阪急サン広場地下通り店
0%
#1850 高崎大八木店
0%
#1852 りんくうプレミアム・アウトレット シーサイド店
0%
#1853 芦屋モンテメール店
0%
#1854 京都信用金庫本店ビル店
0%
#1855 松坂屋 高槻店
0%
#1856 足利福居町店
0%
#1859 よみうりランドグッジョバ!!店
0%
#1861 高輪ゲートウェイ駅店
0%
#1862 クロスゲート金沢店
0%
#1863 ノブレスパルク袋井店
0%
#1865 横浜市役所 ラクシス フロント店
0%
#1869 狭山市入間川にこにこテラス店
0%
#1870 千歳烏山店
0%
#1871 東海加木屋店
0%
#1873 仙台泉パークタウン 桂店
0%
#1875 熊本菊陽店
0%
#1876 イオンモール奈良登美ヶ丘店
0%
#1877 岡山青江店
0%
#1878 中野セントラルパーク店
0%
#1880 イオン八事店
0%
#1881 ジャズドリーム長島店
0%
#1884 徳島北田宮店
0%
#1886 シエスタハコダテ店
0%
#1888 高槻安満遺跡公園店
0%
#1889 伊勢 内宮前店
0%
#1890 豊橋曙店
0%
#1891 塩尻店
0%
#1892 直江津店
0%
#1893 可児広見店
0%
#1899 豊田鞍ヶ池公園店
0%
#2002 六本木 蔦屋書店
0%
#2010 静岡駅 新幹線ラチ内店
0%
#2044 代官山 蔦屋書店
0%
#2046 函館蔦屋書店
0%
#2049 蔦屋書店 武雄市図書館店
0%
#2050 石垣空港店
0%
#2051 福井県済生会病院店
0%
#2055 日立総合病院店
0%
#2058 立命館大学大阪いばらき店
0%
#2061 湘南 蔦屋書店
0%
#2066 蔦屋書店 多賀城市立図書館店
0%
#2067 二子玉川 蔦屋家電店
0%
#2069 梅田 蔦屋書店
0%
#2079 浜松 メイワン エキマチウエスト店
0%
#2080 蔦屋書店 熊本三年坂店
0%
#2081 日本医科大学付属病院店
0%
#2082 中目黒 蔦屋書店
0%
#2085 広島 蔦屋家電店
0%
#2086 蔦屋書店 高梁市図書館店
0%
#2088 名古屋 タカシマヤ ゲートタワーモール店
0%
#2090 関西大学 千里山店
0%
#2091 柏の葉 蔦屋書店
0%
#2095 広島 蔦屋書店
0%
#2098 東山線千種駅店
0%
#2103 蔦屋書店 周南市立徳山駅前図書館店
0%
#2109 中央大学店
0%
#2110 蔦屋書店 延岡エンクロス店
0%
#2113 江別 蔦屋書店
0%
#2115 高知 蔦屋書店
0%
#2116 関西外国語大学 中宮店
0%
#2120 関西学院大学店
0%
#2127 名古屋みなと 蔦屋書店
0%
#2132 那覇空港国内線ゲート内店
0%
#2134 蔦屋書店 和歌山市民図書館店
0%
#2136 熊本駅店
0%
#2145 グランスタ東京店
0%
#2148 大阪空港国内線南ゲートエリア店
0%
#2162 大同病院店
0%
#2165 羽田空港 蔦屋書店
0%
#2166 東京駅八重洲北口 東京ギフトパレット店
0%
#2167 アミュプラザみやざき店
0%
#2172 経堂駅店
0%
#2173 丸亀マルタス店
0%
#2179 アミュプラザくまもと店
0%
#2190 練馬光が丘病院店
0%
#2196 小田急多摩センター店
0%
#2209 エキュート上野 公園口店
0%
#2212 エキュート大宮ノース店
0%
#2218 千歳船橋駅店
0%
#2219 リエール藤沢店
0%
#2222 不知火美術館・図書館店
0%
#2227 薩摩川内 センノオト店
0%
#2231 都立明治公園店
0%
#2234 広島赤十字・原爆病院店
0%
#2236 神戸大学店
0%
#2237 浜松駅 新幹線ラチ内店
0%
#2240 田町駅 南改札内店
0%
#2248 舞浜駅店
0%
#2249 エキュート赤羽みなみ店
0%
#2255 梅ヶ丘駅店
0%
#2268 アミュプラザ長崎 新館店
0%
#2283 中部大学店
0%
#2301 小田急登戸駅店
0%
#2320 ラスカ熱海店
0%
#4001 イオンタウン茨木太田店
0%
#4002 帝京大学板橋キャンパス店
0%
#4003 カインズ館山店
0%
#4004 セブンパーク天美店
0%
#4005 上尾壱丁目店
0%
#4006 太田小舞木店
0%
#4007 大名古屋ビルヂング店
0%
#4011 イオンタウン岡崎美合店
0%
#4019 梅田イーマ店
0%
#4021 イオンモール津山店
0%
#4024 福島八木田店
0%
#4027 はなふる恵庭店
0%
#4028 尾道高須店
0%
#4030 豊橋柱店
0%
#4031 鹿児島与次郎店
0%
#4032 そよら新金岡店
0%
#4033 大阪鶴見緑地公園店
0%
#4034 イオンモール白山店
0%
#4036 静岡南瀬名店
0%
#4037 河内長野高向店
0%
#4039 四日市中央緑地店
0%
#4040 カメイドクロック店
0%
#4041 ミュープラット神宮前店
0%
#4042 カインズ会津若松店
0%
#4043 ビバシティ彦根店
0%
#4044 宇部琴芝店
0%
#4046 新潟小新店
0%
#4047 豊川下長山店
0%
#4050 堺百舌鳥店
0%
#4051 唐津店
0%
#4054 郡山並木店
0%
#4056 掛川細田店
0%
#4059 仙台南町通り店
0%
#4061 くずはモール ハナノモール店
0%
#4062 札幌川下店
0%
#4065 新発田小舟店
0%
#4067 イオンタウン伊賀上野店
0%
#4068 栄セントラルパーク店
0%
#4071 メッサオークワ 和歌山高松店
0%
#4072 八王子宇津木店
0%
#4080 富山マルート店
0%
#4081 岡崎針崎店
0%
#4082 フルルガーデン八千代店
0%
#4084 高砂小松原店
0%
#4085 敦賀駅前店
0%
#4086 東京ミッドタウン八重洲店
0%
#4087 ルビットタウン中津川店
0%
#4088 皇居外苑 和田倉噴水公園店
0%
#4089 ゆめモール西条店
0%
#4090 アクロスプラザ富士宮店
0%
#4091 アピタタウン稲沢店
0%
#4092 長崎時津店
0%
#4094 橿原中和幹線常盤店
0%
#4095 愛知医科大学店
0%
#4096 ふじみ野清見店
0%
#4099 刈谷松栄店
0%
#4100 刈谷東境店
0%
#4101 沖縄登川店
0%
#4102 松山平田店
0%
#4103 金沢藤江店
0%
#4105 そよら上飯田店
0%
#4106 エトモ中央林間店
0%
#4108 和泉府中店
0%
#4109 エトモあざみ野店
0%
#4110 名取増田店
0%
#4111 大分森町店
0%
#4114 金沢有松店
0%
#4116 中京大学 名古屋キャンパス店
0%
#4117 カインズ伊勢崎店
0%
#4121 御茶ノ水ソラシティ店
0%
#4122 長崎大村店
0%
#4123 兵庫播磨店
0%
#4124 さいたま土呂店
0%
#4127 西宮建石店
0%
#4128 虎ノ門ヒルズ ステーションタワー店
0%
#4129 沖縄うるま安慶名店
0%
#4132 イオンモール土岐店
0%
#4135 徳島万代店
0%
#4136 岡山天満屋店
0%
#4138 新潟亀田店
0%
#4139 富士入山瀬店
0%
#4140 大垣島里店
0%
#4143 イオンタウン姶良店
0%
#4144 延岡昭和町店
0%
#4145 高知知寄店
0%
#4146 横浜折本店
0%
#4147 伊勢崎今泉店
0%
#4149 カインズ壬生店
0%
#4151 北谷北前店
0%
#4152 大分高城店
0%
#4156 八尾青山通り店
0%
#4157 神栖神之池公園店
0%
#4158 熊本益城インターチェンジ店
0%
#4159 姫路市川橋通店
0%
#4162 横須賀大津店
0%
#4164 岸和田小松里店
0%
#4165 勝どき店
0%
#4168 天童鎌田店
0%
#4170 そよら海老江店
0%
#4173 広島大宮店
0%
#4174 名古屋鳴海店
0%
#4176 和歌山大浦街道店
0%
#4177 箕面百楽荘店
0%
#4179 豊田渡刈店
0%
#4180 イオンタウン川之江店
0%
#4181 鹿児島谷山駅前店
0%
#4182 熊本清水店
0%
#4183 三田キッピーモール店
0%
#4184 田町タワー店
0%
#4189 高松伏石店
0%
#4190 新大村駅前店
0%
#4191 西条新田店
0%
#4193 倉敷安江店
0%
#4194 あま篠田店
0%
#4195 坂出久米店
0%
#4197 いわき小名浜店
0%
#4198 イオンタウン能代店
0%
#4199 沖縄うるま江洲店
0%
#4200 大分中春日店
0%
#4201 麻布台ヒルズ店
0%
#4202 千歳信濃店
0%
#4203 フレスポ須賀川店
0%
#4204 新潟新津店
0%
#4205 エスパルスドリームプラザ店
0%
#4208 千葉公園店
0%
#4210 エキア川越店
0%
#4211 豊川大堀店
0%
#4214 船橋東武店
0%
#4215 宇都宮西川田店
0%
#4216 京都西大路店
0%
#4217 茗荷谷店
0%
#4219 沖縄あわせモール店
0%
#4220 関倉知店
0%
#4221 板橋蓮根店
0%
#4222 ホワイティうめだ店
0%
#4223 天王川公園店
0%
#4225 三河安城店
0%
#4226 三島安久店
0%
#4227 那覇オーパ店
0%
#4228 宮崎神宮東店
0%
#4229 北熊本サービスエリア(上り線)店
0%
#4234 名古屋港東通店
0%
#4235 大和高田市役所通り店
0%
#4236 渋谷サクラステージ店
0%
#4237 西尾今川店
0%
#4238 イオンモール豊川店
0%
#4239 武蔵小山店
0%
#4241 ならファミリー店
0%
#4242 高槻阪急スクエア店
0%
#4243 ふじみ野亀久保店
0%
#4244 倉敷平田店
0%
#4245 奈良葛城店
0%
#4248 広島市中央公園店
0%
#4251 掛川大池店
0%
#4254 岡山西大寺店
0%
#4256 須磨海浜公園店
0%
#4257 堺美原青南台店
0%
#4258 瀬戸西長根店
0%
#4260 苫小牧末広店
0%
#4265 ジェイアール名古屋タカシマヤ店
0%
#4266 千葉旭店
0%
#4268 シャポー新小岩店
0%
#4271 小山宮本店
0%
#4272 名古屋猪子石店
0%
#4273 新さっぽろサンピアザ店
0%
#4275 三原店
0%
#4276 イオンモール大和郡山 中央コート店
0%
#4277 焼津祢宜島店
0%
#4279 ココノ ススキノ店
0%
#4280 京都久世店
0%
#4281 浜松葵東店
0%
#4282 岐阜菅生店
0%
#4283 茅野中沖店
0%
#4284 小松打越店
0%
#4288 鈴鹿玉垣店
0%
#4290 沖縄八重瀬店
0%
#4291 富山天正寺店
0%
#4292 そよら浜松西伊場店
0%
#4294 栃木箱森店
0%
#4295 室蘭店
0%
#4297 ヒルズウォーク徳重ガーデンズ店
0%
#4299 島田中河町店
0%
#4300 宮崎新別府店
0%
#4303 南草津駅西口店
0%
#4306 和歌山橋本店
0%
#4307 前橋六供町店
0%
#4308 西尾道光寺店
0%
#4313 名古屋高辻店
0%
#4314 ミウィ橋本店
0%
#4316 別府上人ケ浜店
0%
#4317 プレンティ西神中央店
0%
#4318 そよら東岸和田店
0%
#4321 菰野町店
0%
#4322 イオン名護店
0%
#4323 八代北の丸店
0%
#4326 津高茶屋店
0%
#4327 日向店
0%
#4330 そごう横浜店
0%
#4335 鹿児島東開町店
0%
#4336 下関一の宮町店
0%
#4337 イオンスタイル赤羽店
0%
#4338 岸和田三田店
0%
#4339 鈴鹿平田店
0%
#4344 高岡泉町店
0%
#4345 宝塚安倉店
0%
#4349 南草津かがやき通り店
0%
#4351 近鉄久宝寺口南店
0%
#4355 茂原店
0%
#4357 上智大学 四谷キャンパス店
0%
#4358 盛岡津志田店
0%
#4359 京都精華台店
0%
#4363 伊勢御薗店
0%
#4367 入間下藤沢店
0%
#4369 半田山代店
0%
#4371 宇都宮鹿沼インター通り店
0%
#4372 大阪国際空港国内線南ゲートエリア店
0%
#4373 日田店
0%
#4374 新座野火止店
0%
#4376 宇都宮八幡台店
0%
#4378 裾野伊豆島田店
0%
#4379 エキア竹ノ塚店
0%
#4380 長岡宮内店
0%
#4381 イオンタウン守口店
0%
#4382 知多信濃川店
0%
#4384 セレオ甲府店
0%
#4385 松本笹部店
0%
#4386 佐久平南店
0%
#4393 くるふ福井駅店
0%
#4394 米子中島店
0%
#4397 高松西宝町店
0%
#4398 そよら金剛店
0%
#4402 仙台南吉成店
0%
#4406 三井アウトレットパーク マリンピア神戸店
0%
#4407 松山古川北店
0%
#4409 三井アウトレットパーク入間店
0%
#4410 野々市堀内店
0%
#4417 長崎スタジアムシティ店
0%
#4420 桐生市場店
0%
#4422 アシコタウンあしかが店
0%
#4426 宮崎恒久店
0%
#4427 高松上福岡店
0%
#4428 飯田アップルロード店
0%
#4429 松阪塚本店
0%
#4437 北浜店
0%
#4443 函館美原店
0%
#4444 ビーンズ武蔵中原店
0%
#4450 三井アウトレットパーク木更津店
0%
#4451 河原町オーパ店
0%
#4457 津山ウエストランド店
0%
#4464 葛西駅南口店
0%
#4465 ビーンズ亀有店
0%
#4468 仙台パルコ店
0%
#4483 そよら福井開発店
0%
#165 イオンモール岡崎1階店
0%
#287 イオンモール東浦1階店
0%
#451 札幌ステラプレイス センター1階店
0%
#496 イオンモール熱田1階店
0%
#620 イオンモール浜松市野1階店
0%
#639 草津国道1号店
0%
#677 関西国際空港1階サウスゲート店
0%
#834 イオンモール大高1階店
0%
#908 スマーク伊勢崎 1階 はるなプラザ店
0%
#1040 東京スカイツリータウン・ソラマチ西1階店
0%
#1163 アスナル金山1階店
0%
#1176 イオンモール高知1階店
0%
#1231 アミュプラザおおいた1階店
0%
#1233 アミュプラザ鹿児島 プレミアム館1階店
0%
#1362 駒沢1丁目店
0%
#1471 ピオレ姫路1階店
0%
#1485 マロニエゲート銀座1店
0%
#1780 大同生命札幌ビル ミレド地下1階店
0%
#1896 イオンモール新利府南館1階店
0%
#1898 さいたま新都心 コクーンシティ コクーン1店
0%
#4048 名古屋則武新町1階店
0%
#4155 グランフロント大阪北館1階店
0%
#4186 金沢フォーラス1階店
0%
#4361 ビバシティ彦根1階 ビバマルシェ店
0%
#4404 アミュプラザ長崎 本館1階店
0%
#4478 イオンモール名取 1階店
0%
#735 羽田空港第1ターミナル マーケットプレイス3階店
0%
#4153 福山南蔵王182号店
0%
#946 恵比寿ガーデンプレイスタワー1F店
0%
#1612 羽田空港第1ターミナル THE HANEDA HOUSE5階店
0%
#15 南青山2丁目店
0%
#90 虎ノ門2丁目タワー店
0%
#100 神田小川町2丁目店
0%
#699 ららぽーと豊洲 サウスポート2階店
0%
#738 中部国際空港第2セントレアビル店
0%
#987 錦糸町テルミナ2店
0%
#1065 ルミネ池袋2階店
0%
#1166 札幌ステラプレイス イースト2階店
0%
#1180 池尻2丁目店
0%
#1246 ららぽーと富士見2階店
0%
#1270 さいたま新都心 コクーンシティ コクーン2店
0%
#1295 イオンモール高岡 2階 セントラルコート店
0%
#1343 奥沢2丁目店
0%
#1369 渋谷2丁目店
0%
#1453 飯田橋サクラテラス 2階店
0%
#1653 ムスブ田町2階店
0%
#1678 イオンモール名取2階店
0%
#1763 新宿2丁目店
0%
#1768 アミュプラザ鹿児島 本館2階店
0%
#1781 大同生命札幌ビル ミレド2階店
0%
#1804 イオンモール東浦2階店
0%
#1835 阪神梅田本店 地下2階店
0%
#1897 イオンモール新利府南館2階店
0%
#2001 羽田空港第2ターミナル国内線ゲートエリア店
0%
#2092 浜松 メイワン 2階店
0%
#2164 羽田空港第2ターミナル国際線ゲートエリア店
0%
#2277 アミュプラザおおいた 2階店
0%
#4023 イオンモール高知2階店
0%
#4049 名古屋則武新町2階店
0%
#4107 コレド室町2店
0%
#4134 スマーク伊勢崎 2階 あかぎプラザ店
0%
#4252 関西国際空港2階店
0%
#4442 イオンモール浜松市野2階店
0%
#389 栄公園 オアシス21店
0%
#552 アトレ恵比寿店(2F)
0%
#901 アトレ大森店(2F)
0%
#1758 舞浜 イクスピアリ2F トレイダーズ・パッセージ店
0%
#18 四谷3丁目店
0%
#77 渋谷3丁目店
0%
#835 イオンモール大高3階店
0%
#1454 なんばスカイオ 3階店
0%
#1660 イオンモール甲府昭和3階店
0%
#1749 天王寺ミオ 本館3階店
0%
#1786 ゆめタウン高松 東館3階店
0%
#1849 ららぽーと愛知東郷3階店
0%
#4017 アスナル金山3階店
0%
#4057 イオンモール岡崎3階店
0%
#4230 イオンモール熱田3階店
0%
#4366 ららぽーと富士見3階店
0%
#1743 アーバンドック ららぽーと豊洲3 地下1階店
0%
#1046 表参道 神宮前4丁目店
0%
#1096 ピオレ姫路4階店
0%
#1654 ムスブ田町4階店
0%
#1170 代沢5丁目店
0%
#1793 ペリエ千葉5階店
0%
#1801 新宿ミロード5階店
0%
#702 北谷国道58号店
0%
#1274 アトレ恵比寿店(5F)
0%
#4141 アトレ大森店(5F)
0%
#1038 東京スカイツリータウン・ソラマチ東6階店
0%
#1089 金沢フォーラス6階クーゴ店
0%
#1113 グランフロント大阪南館6階店
0%
#1183 柏 高島屋ステーションモール 6階店
0%
#134 六本木7丁目店
0%
#1075 天王寺ミオ 本館8階店
0%
#1727 ルミネ池袋9階店
0%
#1836 阪神梅田本店 9階店
0%
#4249 阪急うめだ本店9階店
0%
#1461 赤坂インターシティAIR店
0%
#4207 A PIT京都四条店
0%
#1433 草津A・SQUARE店
0%
#2056 ASTY岐阜店
0%
#2107 ASTY大曽根店
0%
#2119 ASTY静岡 西館店
0%
#533 名古屋 伏見 ATビル店
0%
#4118 恵比寿ガーデンプレイス センタープラザB1店
0%
#1617 神戸BAL店
0%
#1716 京都BAL店
0%
#1064 心斎橋BIG STEP店
0%
#777 赤坂Bizタワー店
0%
#2097 草叢BOOKS 新守山店
0%
#2100 草叢BOOKS 各務原店
0%
#1191 CIAL桜木町店
0%
#1262 CIAL鶴見店
0%
#1806 CIAL桜木町 ANNEX店
0%
#1879 CIRCLES 銀座店
0%
#1018 なんばCITY 店
0%
#1556 CoCoLo長岡店
0%
#1574 CoCoLo新潟店
0%
#1728 渋谷cocoti店
0%
#132 小田原Dynacity WEST店
0%
#4421 町田東急ツインズEAST店
0%
#715 藤が丘effe店
0%
#1553 ekie広島店
0%
#1866 EKIZO 神戸三宮店
0%
#1004 青森ELM店
0%
#1539 銀座EXITMELSA店
0%
#980 EXPASA多賀サービスエリア(下り線)店
0%
#981 EXPASA御在所サービスエリア (下り線) 店
0%
#1044 EXPASA談合坂サービスエリア(下り線)店
0%
#1402 EXPASA御在所サービスエリア(上り線)店
0%
#510 FKD宇都宮インターパーク店
0%
#1530 中部国際空港セントレアFLIGHT OF DREAMS店
0%
#1834 ヨリマチFUSHIMI店
0%
#1374 GINZA SIX店
0%
#359 中目黒GTタワー店
0%
#1858 よみうりランドHANA・BIYORI店
0%
#4074 梅田HEP FIVE3階店
0%
#28 梅田HEP FIVE7階店
0%
#1607 あべのHoop店
0%
#1885 光が丘IMA店
0%
#119 名古屋JRセントラルタワーズ店
0%
#542 JR高槻駅北店
0%
#1377 JR奈良駅旧駅舎店
0%
#1406 JR桃谷駅店
0%
#1535 JR福山駅店
0%
#1632 JR高松駅店
0%
#1761 JR難波駅前店
0%
#2028 JR名古屋駅 広小路口店
0%
#2029 JR東海 品川駅ラチ内店
0%
#2043 JR東海 東京駅新幹線南ラチ内店
0%
#2048 JR名古屋駅 新幹線南ラチ内店
0%
#2064 名古屋 JRゲートタワー店
0%
#2068 JR名古屋駅 太閤通南口店
0%
#2118 JR東海 品川駅店
0%
#2128 JR池袋駅 西口店
0%
#2152 JR京都駅 新幹線改札内店
0%
#2161 JR京都駅 新幹線中央口店
0%
#2171 JR新橋駅 銀座口店
0%
#2221 JR上野駅 入谷改札前店
0%
#2260 JR三島駅 南口店
0%
#2281 JR柏駅 中央改札内店
0%
#2287 JR京都駅 西口店
0%
#2313 JR大阪駅北店
0%
#4066 JR東日本ホテルメッツ 目白店
0%
#115 KDDI大手町ビル店
0%
#4083 北見KITFRONT店
0%
#1358 KITTE名古屋店
0%
#1682 KITTE丸の内店
0%
#4324 KITTE大阪店
0%
#4289 LaLaテラス南千住店
0%
#1318 LAQUE四条烏丸店
0%
#1808 LINKS UMEDA 地下1階店
0%
#1809 LINKS UMEDA 2階店
0%
#1810 LINKS UMEDA 8階店
0%
#4395 青森 &LOVINA店
0%
#1257 LUCUA 1100 2階 グランマルシェ店
0%
#1258 LUCUA 1100 2階 アトリウムガーデン店
0%
#4093 LUCUA 2階店
0%
#977 LUCUA 9階店
0%
#1598 くみまちMALL新座店
0%
#1116 MARK IS 静岡店
0%
#775 MIDORI松本店
0%
#1192 MIDORI長野店
0%
#1790 MIYASHITA PARK店
0%
#1626 MONA新浦安店
0%
#935 上小田井mozoワンダーシティ 2階店
0%
#1831 上小田井mozoワンダーシティ 4階店
0%
#1345 NEOPASA岡崎サービスエリア店
0%
#340 熊本New-S店
0%
#292 NHK広島ビル店
0%
#1698 海南nobinos店
0%
#1057 イオンモール宮崎 North Mall 2階店
0%
#117 谷町筋NSビル店
0%
#1019 NU茶屋町プラス店
0%
#467 OBP松下IMPビル店
0%
#2303 Olive LOUNGE 渋谷店
0%
#2315 Olive LOUNGE 下高井戸店
0%
#804 鹿児島OPSIAミスミ店
0%
#444 ザ・モール仙台長町 Part2店
0%
#240 飯能PePe店
0%
#4247 PLiCO垂水店
0%
#4435 PLiCO神戸店
0%
#225 京都Porta店
0%
#4424 京都Porta イースト店
0%
#809 Qiz溝の口店
0%
#197 スターバックス リザーブ(R)ストア 銀座マロニエ通り
0%
#1844 金沢百番街Rinto店
0%
#461 玉川高島屋S・C店
0%
#1800 京王聖蹟桜ヶ丘SC店
0%
#4098 日本橋高島屋S.C.1階店
0%
#1544 日本橋高島屋S.C.5階店
0%
#2311 SHIBUYA TSUTAYA 1F店
0%
#2003 SHIBUYA TSUTAYA 2F店
0%
#1529 渋谷ヒカリエ ShinQs店
0%
#52 神戸国際会館SOL店
0%
#1093 あべのsolaha店
0%
#4453 イオンモール宮崎 South Mall 1階店
0%
#2381 STARBUCKS RESERVE(R) ROASTERY TOKYO
0%
#4315 南砂町 SUNAMO店
0%
#4119 豊田T-FACE店
0%
#2387 プリンチ 代官山T-SITE
0%
#993 TSUTAYA 京都リサーチパーク店
0%
#1276 TSUTAYA モリシア津田沼店
0%
#1284 TSUTAYA 浜田山店
0%
#1347 米子 TSUTAYA角盤町店
0%
#2021 TSUTAYA 鳥栖店
0%
#2024 TSUTAYA 東松本店
0%
#2030 TSUTAYA 佐鳴台店
0%
#2031 TSUTAYA 東仙台店
0%
#2065 TSUTAYA 宇多津店
0%
#2089 TSUTAYA 鈴鹿中央通店
0%
#2093 TSUTAYA 仙台荒井店
0%
#2096 TSUTAYA 福知山店
0%
#2111 TSUTAYA 佐野店
0%
#2112 TSUTAYA パークタウン加古川店
0%
#2114 TSUTAYA 鶴ヶ峰駅前店
0%
#2121 TSUTAYA リノアス八尾店
0%
#2122 TSUTAYA 春日井店
0%
#2142 TSUTAYA 南古谷店
0%
#2143 TSUTAYA 瀬戸店
0%
#2151 TSUTAYA 駅家店
0%
#2158 TSUTAYA 伊勢丘店
0%
#2025 TSUTAYA BOOKSTORE 香里園店
0%
#2094 TSUTAYA BOOK STORE 重信店
0%
#2129 TSUTAYA BOOKSTORE 東雲店
0%
#2131 TSUTAYA BOOKSTORE 渋谷スクランブルスクエア店
0%
#2138 TSUTAYA BOOKSTORE 弥生台店
0%
#2150 TSUTAYA BOOKSTORE テラスモール松戸店
0%
#2157 TSUTAYA BOOKSTORE 霧島店
0%
#2163 TSUTAYA BOOKSTORE 宮交シティ店
0%
#2168 TSUTAYA BOOKSTORE 菊陽店
0%
#2169 TSUTAYA BOOKSTORE 弘前ヒロロ店
0%
#2170 TSUTAYA BOOKSTORE ららぽーと愛知東郷店
0%
#2256 TSUTAYA BOOKSTORE ゆめが丘ソラトス店
0%
#2261 TSUTAYA BOOKSTORE イノゲート大阪店
0%
#2263 TSUTAYA BOOKSTORE モレラ岐阜店
0%
#2291 TSUTAYA BOOKSTORE 福島南店
0%
#4035 TSUTAYA BOOKSTORE イオンモール白山店
0%
#4063 TSUTAYA BOOKSTORE カラフルタウン岐阜店
0%
#4240 TSUTAYA BOOKSTORE AIZU店
0%
#2269 TSUTAYA BOOKSTORE AVIX豊岡店
0%
#2245 TSUTAYA BOOKSTORE MARUNOUCHI店
0%
#2177 TSUTAYA BOOKSTORE エミフルMASAKI店
0%
#2005 TSUTAYA EBISUBASHI店
0%
#2083 TSUTAYA 梅田 MeRISE店
0%
#1146 神戸ハーバーランドumie店
0%
#1381 神戸ハーバーランドumie MOSAIC店
0%
#622 VIA MALL アピタ江南西店
0%
#651 幕張WBG店
0%
#4 町田東急ツインズWEST店
0%
#4341 イオンモール太田 WESTMALL店
0%
#1738 WITH HARAJUKU店
0%
#1421 YAMATO文化森店
0%
No matching quizzes found
Score Distribution
Percent of People with Each Score
Percentile by Number Answered
Your Score History
You have not taken this quiz since the last reset